00821cam a22002171 4500001001300000003000400013005001700017008004100034010001700075035002000092040002600112042001200138050002200150060002700172110007700199245016700276260004800443300002100491410006100512504003000573l 46000045 DLC20260227111539.0820626s1946 xx a 000 0 eng  al 46000045  a(OCoLC)14739316 aDLCcDNLMdOCoLCdDLC apremarc00aHQ796b.A239 19460 aW1bUN6181 no.316 19462 aUnited States.bInteragency committee on youth employment and education.10aYour community and its young people,btheir employment and educational opportunities.cPrepared by the Interagency committee on youth employment and education ... aWashington,bU.S. Govt. print. off.,c1946. a31, [1] p.bill.10aUnited States.bChildren's Bureau.tPublicationvno. 316 a"What to read": p. 30-31.